00223nam a2200073Ia 4500008004100000082001600041100001700057245007500074240331s9999 xx 000 0 und d a302.23bREI aMalik, M. ed 0aReinventing women :bthe portrayal of women in the media the zia years